00990nab a2200169 i 4500001001000000003001000010005001700020008004100037040003000078041000800108100002700116245005400143520043500197650000700632653002600639773015500665768714001CO-MdFUSB20240430084726.0240429b sp ||||| |||| 00| 0 spa d bspacCO-MdFUSBdCO-MdFUSB aspa aWilfred, Felix,eautor aElogio del relativismo cristianoc/ Felix Wilfred aEste artículo es una reflexión sobre un intento de ver cómo la fe cristiana misma está arraigada en un nivel más profundo de realidad impulsado por un espíritu relativista. Entonces se puede hablar honestamente sobre el relativismo cristiano. Asi mismo, el autor pretende explorar el tema del relativismo desde una perspectiva más integral que el mero diálogo interreligioso, que ha sido en gran medida ignorado. 7aFe aRelativismo cristiano0 049450oR0341tRevista internacional de teología Conciliumw(CO-MdFUSB)8x0210-1041gNúmero 314, (febrero, 2006), páginas: 99 - 108qpágina: 99